Cloud computing design patterns / (Record no. 21822)
[ view plain ]
| 000 -LEADER | |
|---|---|
| fixed length control field | 01523cam a22002895a 4500 |
| 001 - CONTROL NUMBER | |
| control field | 18514247 |
| 005 - DATE AND TIME OF LATEST TRANSACTION | |
| control field | 20160530111852.0 |
| 008 - FIXED-LENGTH DATA ELEMENTS--GENERAL INFORMATION | |
| fixed length control field | 150303s2015 nyua fr 001 0 eng d |
| 020 ## - INTERNATIONAL STANDARD BOOK NUMBER | |
| International Standard Book Number | 9780133858563 |
| 020 ## - INTERNATIONAL STANDARD BOOK NUMBER | |
| International Standard Book Number | 0133858561 |
| 040 ## - CATALOGING SOURCE | |
| Original cataloging agency | BTCTA |
| Language of cataloging | eng |
| Transcribing agency | BTCTA |
| Description conventions | rda |
| Modifying agency | BDX |
| -- | YDXCP |
| -- | OCLCO |
| -- | JBL |
| -- | CUI |
| -- | DLC |
| -- | EG-ScBUE |
| 082 04 - DEWEY DECIMAL CLASSIFICATION NUMBER | |
| Edition number | 22 |
| Classification number | 004.6782 |
| Item number | ERL |
| 100 1# - MAIN ENTRY--PERSONAL NAME | |
| Personal name | Erl, Thomas. |
| 9 (RLIN) | 11281 |
| 245 10 - TITLE STATEMENT | |
| Title | Cloud computing design patterns / |
| Statement of responsibility, etc | Thomas Erl, Robert Cope, Amin Naserpour. |
| 260 ## - PUBLICATION, DISTRIBUTION, ETC. (IMPRINT) | |
| Place of publication, distribution, etc | New York : |
| Name of publisher, distributor, etc | Prentice Hall ; |
| Place of publication, distribution, etc | [S. l.] : |
| Name of publisher, distributor, etc | ServiceTech Press, |
| Date of publication, distribution, etc | 2015. |
| 300 ## - PHYSICAL DESCRIPTION | |
| Extent | xxv, 552 p. : |
| Other physical details | ill. ; |
| Dimensions | 24 cm. |
| 490 0# - Series Statement | |
| Series statement | The Prentice Hall service technology series from Thomas Erl. |
| 500 ## - GENERAL NOTE | |
| General note | Index : p. 543-552. |
| 505 0# - FORMATTED CONTENTS NOTE | |
| Formatted contents note | Introduction -- Understanding design patterns -- Sharing, scaling and elasticity patterns -- Reliability, resiliency and recovery patterns -- Data management and storage device patterns -- Virtual server and hypervisor connectivity and management patterns -- Monitoring, provisioning and administration patterns -- Cloud service and storage security patterns -- Network security, identity and access management and trust assurance patterns -- Common compound patterns -- Appendix A: Cloud computing mechanisms glossary -- Appendix B: Alphabetical design patterns reference. |
| 650 #0 - SUBJECT ADDED ENTRY--TOPICAL TERM | |
| Topical term or geographic name as entry element | Cloud computing |
| General subdivision | Design. |
| Source of heading or term | BUEsh |
| 650 #7 - SUBJECT ADDED ENTRY--TOPICAL TERM | |
| Topical term or geographic name as entry element | Cloud computing. |
| Source of heading or term | BUEsh |
| 9 (RLIN) | 37309 |
| 651 ## - SUBJECT ADDED ENTRY--GEOGRAPHIC NAME | |
| Source of heading or term | BUEsh |
| 653 ## - INDEX TERM--UNCONTROLLED | |
| Resource For college | Informatics and Computer Science |
| Arrived date list | May2016 |
| 700 1# - ADDED ENTRY--PERSONAL NAME | |
| Personal name | Cope, Robert, |
| 700 1# - ADDED ENTRY--PERSONAL NAME | |
| Personal name | Naserpour, Amin, |
| 942 ## - ADDED ENTRY ELEMENTS (KOHA) | |
| Source of classification or shelving scheme | Dewey Decimal Classification |
| Withdrawn status | Item status | Source of classification or shelving scheme | Damaged status | Not for loan | Vendor | Home library | Current library | Shelving location | Date acquired | Source of acquisition | Cost, normal purchase price | Total Checkouts | Total Renewals | Full call number | Barcode | Date last seen | Date last borrowed | Cost, replacement price | Koha item type |
|---|---|---|---|---|---|---|---|---|---|---|---|---|---|---|---|---|---|---|---|
| Dewey Decimal Classification | Alahram | Central Library | Central Library | Lower Floor | 30/05/2016 | Purchase | 450.00 | 1 | 6 | 004.6782 ERL | 000032604 | 15/07/2025 | 17/12/2020 | 565.50 | Book - Borrowing |